<?xml version="1.0" encoding="UTF-8"?>
<record
    xmlns:xsi="http://www.w3.org/2001/XMLSchema-instance"
    xsi:schemaLocation="http://www.loc.gov/MARC21/slim http://www.loc.gov/standards/marcxml/schema/MARC21slim.xsd"
    xmlns="http://www.loc.gov/MARC21/slim">

  <leader>00485nam a22001457a 4500</leader>
  <controlfield tag="008">220728b        |||||||| |||| 00| 0 eng d</controlfield>
  <datafield tag="020" ind1=" " ind2=" ">
    <subfield code="a">0240515892</subfield>
  </datafield>
  <datafield tag="100" ind1=" " ind2=" ">
    <subfield code="a">Herbert, John</subfield>
  </datafield>
  <datafield tag="245" ind1=" " ind2=" ">
    <subfield code="a">Journalism in the Digital Age:</subfield>
    <subfield code="b">Theory and Practice for Broadcast, Print and On-line Media/</subfield>
    <subfield code="c">John Herbert</subfield>
  </datafield>
  <datafield tag="260" ind1=" " ind2=" ">
    <subfield code="a">New York</subfield>
    <subfield code="b">Routledge </subfield>
    <subfield code="c">2000</subfield>
  </datafield>
  <datafield tag="300" ind1=" " ind2=" ">
    <subfield code="a">xiv, 349p</subfield>
  </datafield>
  <datafield tag="650" ind1=" " ind2=" ">
    <subfield code="a">Journalism</subfield>
    <subfield code="v">Data Processing</subfield>
  </datafield>
  <datafield tag="650" ind1=" " ind2=" ">
    <subfield code="a">Telecommunication</subfield>
    <subfield code="v">Technological innovations</subfield>
  </datafield>
  <datafield tag="942" ind1=" " ind2=" ">
    <subfield code="2">lcc</subfield>
    <subfield code="c">BK</subfield>
  </datafield>
  <datafield tag="999" ind1=" " ind2=" ">
    <subfield code="c">19414</subfield>
    <subfield code="d">19413</subfield>
  </datafield>
  <datafield tag="952" ind1=" " ind2=" ">
    <subfield code="0">0</subfield>
    <subfield code="1">0</subfield>
    <subfield code="2">lcc</subfield>
    <subfield code="7">0</subfield>
    <subfield code="a">KABU</subfield>
    <subfield code="b">KABU</subfield>
    <subfield code="d">2022-07-28</subfield>
    <subfield code="g">14163.00</subfield>
    <subfield code="l">2</subfield>
    <subfield code="o">PN4784 .H47 2000 c.1</subfield>
    <subfield code="p">032167</subfield>
    <subfield code="r">2024-12-13 16:34:58</subfield>
    <subfield code="s">2024-09-24</subfield>
    <subfield code="w">2022-07-28</subfield>
    <subfield code="y">BK</subfield>
  </datafield>
  <datafield tag="952" ind1=" " ind2=" ">
    <subfield code="0">0</subfield>
    <subfield code="1">0</subfield>
    <subfield code="2">lcc</subfield>
    <subfield code="7">0</subfield>
    <subfield code="a">KABU</subfield>
    <subfield code="b">KABU</subfield>
    <subfield code="d">2022-07-28</subfield>
    <subfield code="g">14163.00</subfield>
    <subfield code="o">PN4784 .H47 2000 c.2</subfield>
    <subfield code="p">032168</subfield>
    <subfield code="r">2022-07-28 00:00:00</subfield>
    <subfield code="w">2022-07-28</subfield>
    <subfield code="y">BK</subfield>
  </datafield>
  <datafield tag="952" ind1=" " ind2=" ">
    <subfield code="0">0</subfield>
    <subfield code="1">0</subfield>
    <subfield code="2">lcc</subfield>
    <subfield code="7">0</subfield>
    <subfield code="a">KABU</subfield>
    <subfield code="b">KABU</subfield>
    <subfield code="d">2022-07-28</subfield>
    <subfield code="g">14163.00</subfield>
    <subfield code="o">PN4784 .H47 2000 c.3</subfield>
    <subfield code="p">032169</subfield>
    <subfield code="r">2022-07-28 00:00:00</subfield>
    <subfield code="w">2022-07-28</subfield>
    <subfield code="y">BK</subfield>
  </datafield>
</record>
